Bleiche Herrschaft, dunkle Kulturen : Essais zur Bildung in Nord und Sud

Saved in:
Bibliographic Details
Main Author: Jouhy, Ernest 1913-
Format: Book
Language:German
Published: Frankfurt : Verlag fur Interkulturelle Kommunikation, [1985?]
Subjects:
Tags: Add Tag
No Tags, Be the first to tag this record!

MARC

LEADER 00000nam a2200000 i 4500
001 1/84260
008 981005s1985 ger d
020 |a 3-88939-129-X 
035 |l 10034400 
035 |a 1987  |b 2  |c Σκούρτου 
040 |a GR-MY-UA  |b gre  |e aacr 
041 0 |a ger 
082 0 |a 370.91724  |2 (19) 
100 1 |a Jouhy, Ernest  |d 1913- 
245 1 0 |a Bleiche Herrschaft, dunkle Kulturen :  |b Essais zur Bildung in Nord und Sud /  |c Ernest Jouhy ; Vorwort, Dietrich Goldschmidt ; Graphiken von Sabine Seehausen 
260 |a Frankfurt :   |b Verlag fur Interkulturelle Kommunikation,   |c [1985?] 
300 |a vii, 236 p.;  |b ill.;  |c 21 cm 
504 |a Βιβλιογραφία: σ. 226-236 
650 0 0 |a Education  |z Developing countries. 
650 0 0 |a International economic relations. 
651 0 |a Developing countries  |x Foreign economic relations. 
852 |a INST  |b RHODES  |e 19981005  |h 370.91724 JOU  |p 005400008956  |q 005400008956  |t BK  |y 0 
909 |a Ρ  |b 007014  |c 1987